000 00402nam a2200145Ia 4500
005 20250729165745.0
008 250729s2012 xx 000 0 und d
041 _aeng
082 _a372.25 SATP
100 _aSathish C Chand
_9232253
245 _aPhilosophical and Sociological Foundations of Education
260 _aMeerut
_bR Lall Book Depot
_c2012
300 _a418p
650 _aEducation
_9232254
999 _c239690
_d239690